000 00465 a2200169 4500
001 066576
003 OSt
005 20211004101350.0
008
082 _a320.540954
_bP25P
100 1 _aChatterjee, Parth
245 1 _aThe Partha Chatterjee omnibus
_cby Parth Chatterjee
260 _aNew Delhi
_bOxford University Press
_c2009
300 _a301p.
690 _aNationalism; India; Politics and government
942 _2ddc
_cBK
999 _c620
_d620